Countries And Capitals - Statistics

General Stats
  • This quiz has been taken 68 times
  • The average score is 17 of 20
Answer Stats
Country Capital % Correct
USA Washington D.C
100%
Mexico Mexico City
96%
Russia Moscow
96%
China Beijing
95%
Germany Berlin
95%
Japan Tokyo
95%
Denmark Copenhagen
93%
Sweden Stockholm
93%
Hungary Budapest
89%
Argentina Buenos Aires
89%
Iran Tehran
89%
Poland Warsaw
89%
Jamaica Kingston
86%
Chile Santiago
84%
New Zealand Wellington
82%
Algeria Algiers
79%
Ghana Accra
67%
Kazakhstan Astana
67%
Nigeria Abuja
65%
Togo Lomé
58%
No matching quizzes found
Score Distribution
Percent of People with Each Score
Percentile by Number Answered
Your Score History
You have not taken this quiz